Democracia directa en Latinoamérica

Gespeichert in:
Bibliographische Detailangaben
Hauptverfasser: Lissidini, Alicia (VerfasserIn), Welp, Yanina (VerfasserIn), Zovatto, Daniel (VerfasserIn)
Format: Buch
Sprache:Spanisch
Veröffentlicht: Buenos Aires Prometeo Libros 2008
Ausgabe:1a. ed
Schlagworte:
Tags: Tag hinzufügen
Keine Tags, Fügen Sie den ersten Tag hinzu!

MARC

LEADER 00000cam a2200000 a 4500
001 UCC9932
003 CL-VaPUC
005 20210923074625.0
008 191122e20080000ag spa d
020 |a 9789875742680 
082 0 4 |a 323  |b LIS  |2 21 
100 1 |a Lissidini, Alicia  |e author  |9 605237 
700 1 |a Welp, Yanina  |e author  |9 605238 
700 1 |a Zovatto, Daniel  |e author  |9 605239 
245 1 0 |a Democracia directa en Latinoamérica 
250 |a 1a. ed 
260 |a Buenos Aires  |b Prometeo Libros  |c 2008 
300 |a 301 p 
583 |a last modification  |c 20191122 12:01:00  |k Rodrigo Vera 
650 0 0 |a Ciencias Políticas  |9 255201 
650 0 0 |a Democracia  |9 255256 
942 |c BK 
945 |a dcastane  |d 20191122 12:01:00 
999 |c 376219  |d 376217 
952 |0 0  |1 0  |3 erb  |4 0  |6 323_000000000000000_LIS_2008  |7 0  |8 A  |9 495525  |a BIBDER  |b BIBDER  |e Mateluna Arestizabal, Alfredo Sergio  |i 5610257  |o 323 LIS 2008  |p 5610257  |r 2023-01-25  |w 2020-01-06  |y BK  |z Catalogado en:20191122  |k DER